000 01090nam a22002537a 4500
005 20240530110418.0
008 141019s2010 ua j gr 000 0 ara d
017 _a8908/2009
_bمصر . دار الكتب
020 _a9773286061
040 _aEG-CaGPL
082 0 4 _221
_a370.113
_bر ت
100 0 _aرشيدة السيد احمد الطاهر
245 1 2 _aالتنمية المهنية للمعلمين فى ضوء الاتجاهات العالمية :
_bتحديات وطموحات /
_cرشيدة السيد احمد الطاهر
260 _aالاسكندرية :
_bدار الجامعة الجامعة الجديدة ،
_c2010
300 _a309 ص :
_bايض ؛
_c24 سم
650 0 4 _aالمدرسون
_xتدريب
650 0 4 _aالتنمية المهنية
_xالمدرسون
650 0 4 _aالتعليم
_xطرق تدريس
650 0 4 _aالمدرسون
_xمؤهلات
650 0 4 _aالمدرسون
_xالاشتراك فى الادارة
653 0 4 _aالمدرسون - بعثات تدريبية
942 _2ddc
_cBK
999 _c60605
_d60605